[Event "Olympiad Women-43"]
[Site "Batumi"]
[Date "2018.10.05"]
[Round "11.2"]
[White "Shabanaj, Alda"]
[Black "Cruz Lima, Kimberly Esmeralda"]
[Result "0-1"]
[WhiteElo "1853"]
[BlackElo "1626"]
[PlyCount "70"]
[EventDate "2018.09.24"]
[EventType "team-swiss"]
[EventRounds "11"]
[EventCountry "GEO"]
[SourceTitle "EXT 2020"]
[Source "ChessBase"]
[SourceDate "2019.10.17"]
[SourceVersion "1"]
[SourceVersionDate "2019.10.17"]
[SourceQuality "1"]
[WhiteTeam "Albania (W)"]
[BlackTeam "Guatemala (W)"]
[WhiteTeamCountry "ALB"]
[BlackTeamCountry "GUA"]

1. d4 e6 2. Nf3 c5 3. e3 Nc6 4. c3 Nf6 5. Bd3 d5 6. Nbd2 Be7 7. 0-0 0-0 8. Re1 Qc7 9. e4 dxe4 10. Nxe4 cxd4 11. cxd4 Rd8 12. Nfg5 h6 13. Nxf6+ Bxf6 14. Ne4 Bxd4 15. Qe2 Ne5 16. Bf4 Qa5 17. Bxe5 Qxe5 18. Qf3 Qf5 19. Qg3 Be5 20. Nf6+ Qxf6 21. Rxe5 Rxd3 22. Qxd3 Qxe5 23. h3 Qc7 24. Rd1 b6 25. Qb5 Bb7 26. Rd7 Bc6 27. Rxc7 Bxb5 28. b3 Bd3 29. a3 a5 30. Rc3 Be4 31. f3 Bd5 32. Kf2 b5 33. a4 b4 34. Rd3 Rc8 35. Kg3 Rc3 0-1

[Event "Olympiad Women-43"]
[Site "Batumi"]
[Date "2018.09.27"]
[Round "4.44"]
[White "Cruz Lima, Kimberly Esmeralda"]
[Black "Kojima, Natsumi"]
[Result "0-1"]
[WhiteElo "1626"]
[BlackElo "1655"]
[PlyCount "64"]
[EventDate "2018.09.24"]
[EventType "team-swiss"]
[EventRounds "11"]
[EventCountry "GEO"]
[SourceTitle "EXT 2020"]
[Source "ChessBase"]
[SourceDate "2019.10.17"]
[SourceVersion "1"]
[SourceVersionDate "2019.10.17"]
[SourceQuality "1"]
[WhiteTeam "Guatemala (W)"]
[BlackTeam "Japan (W)"]
[WhiteTeamCountry "GUA"]
[BlackTeamCountry "JPN"]

1. e4 e5 2. Nf3 Nc6 3. Bb5 a6 4. Ba4 Nf6 5. d3 b5 6. Bb3 Be7 7. c3 d6 8. h3 Na5 9. Bc2 c5 10. b3 Nc6 11. a3 0-0 12. 0-0 h6 13. Bb2 Re8 14. d4 Qc7 15. dxe5 dxe5 16. Nbd2 Be6 17. Qe2 Nh5 18. c4 Nf4 19. Qe3 Nd4 20. Bb1 Rad8 21. cxb5 axb5 22. a4 bxa4 23. Rxa4 Rb8 24. Nxd4 cxd4 25. Qf3 Bd6 26. Nc4 Rec8 27. Rc1 Qe7 28. Ra6 Bxc4 29. Rxc4 Rxc4 30. bxc4 Rxb2 31. Ba2 Bc5 32. g3 Nxh3+ 0-1

[Event "Olympiad Women-43"]
[Site "Batumi"]
[Date "2018.09.24"]
[Round "1.7"]
[White "Cyfka, Karina"]
[Black "Cruz Lima, Kimberly Esmeralda"]
[Result "1-0"]
[WhiteElo "2407"]
[BlackElo "1626"]
[PlyCount "55"]
[EventDate "2018.09.24"]
[EventType "team-swiss"]
[EventRounds "11"]
[EventCountry "GEO"]
[SourceTitle "EXT 2020"]
[Source "ChessBase"]
[SourceDate "2019.10.17"]
[SourceVersion "1"]
[SourceVersionDate "2019.10.17"]
[SourceQuality "1"]
[WhiteTeam "Poland (W)"]
[BlackTeam "Guatemala (W)"]
[WhiteTeamCountry "POL"]
[BlackTeamCountry "GUA"]

1. d4 Nf6 2. c4 e6 3. Nf3 d5 4. Nc3 Be7 5. Bf4 a6 6. e3 c6 7. Bd3 Bd6 8. Ne5 c5 9. 0-0 0-0 10. Rc1 cxd4 11. exd4 dxc4 12. Bxc4 b5 13. Bb3 Bb7 14. Qe2 Nc6 15. Rfd1 Ne7 16. Bg5 Ng6 17. h3 Be7 18. a3 Nd5 19. Bxd5 exd5 20. Nxg6 Bxg5 21. Nxf8 Bxc1 22. Ne6 Qb6 23. Nxg7 Bxb2 24. Nf5 Qf6 25. Ne7+ Kh8 26. Ncxd5 Qg5 27. h4 Qxh4 28. Qe5+ 1-0

[Event "Olympiad Women-42"]
[Site "Baku"]
[Date "2016.09.10"]
[Round "8.4"]
[White "Lee, Lok Yi"]
[Black "Cruz Lima, Kimberly Esmeralda"]
[Result "0-1"]
[WhiteElo "1497"]
[BlackElo "1763"]
[PlyCount "90"]
[EventDate "2016.09.02"]
[EventType "team-swiss"]
[EventRounds "11"]
[EventCountry "AZE"]
[SourceTitle "CBM 174 Extra"]
[Source "ChessBase"]
[SourceDate "2016.10.10"]
[SourceVersion "1"]
[SourceVersionDate "2016.10.10"]
[SourceQuality "1"]
[WhiteTeam "Hong Kong (W)"]
[BlackTeam "Guatemala (W)"]
[WhiteTeamCountry "HKG"]
[BlackTeamCountry "GUA"]

1. c4 e5 2. Nc3 Nf6 3. g3 Bc5 4. Bg2 d6 5. d3 Nc6 6. Bg5 h6 7. Bxf6 Qxf6 8. Nf3 Be6 9. 0-0 0-0 10. Ne4 Qe7 11. Nxc5 dxc5 12. Nd2 Bd7 13. Ne4 Rab8 14. Qd2 Rfd8 15. Qe3 Nd4 16. Qd2 Bc6 17. f4 f5 18. Nc3 Bxg2 19. Kxg2 e4 20. Nd5 Qf7 21. Ne3 Rd7 22. Nc2 Nxe2 23. Qxe2 exd3 24. Qf2 dxc2 25. Qxc2 Rbd8 26. Rf2 Rd3 27. Re1 Qd7 28. Ree2 b6 29. b3 Kf7 30. Qb2 Qc6+ 31. Kh3 Qf6 32. Qc2 g5 33. fxg5 hxg5 34. Rd2 g4+ 35. Kg2 Rxd2 36. Rxd2 Rxd2+ 37. Qxd2 Qe6 38. Qd3 Qe4+ 39. Qxe4 fxe4 40. Kf2 Kf6 41. Ke2 Ke5 42. Ke3 c6 43. a3 b5 44. a4 bxc4 45. bxc4 a5 0-1

[Event "Pan American-ch U20 Girls"]
[Site "San Salvador"]
[Date "2015.07.17"]
[Round "2"]
[White "Cruz Lima, Kimberly Esmeralda"]
[Black "Librelato, Kathie Goulart"]
[Result "1/2-1/2"]
[WhiteElo "1718"]
[BlackElo "1842"]
[PlyCount "132"]
[EventDate "2015.07.16"]
[EventType "tourn"]
[EventRounds "9"]
[EventCountry "ESA"]
[SourceTitle "EXT 2016"]
[Source "ChessBase"]
[SourceDate "2015.10.08"]
[SourceVersion "1"]
[SourceVersionDate "2015.10.08"]
[SourceQuality "1"]

1. e4 e5 2. Nf3 Nc6 3. Bb5 a6 4. Ba4 Nf6 5. d3 d6 6. c3 g6 7. h3 Bg7 8. Be3 0-0 9. Nbd2 b5 10. Bc2 Bb7 11. Nf1 d5 12. exd5 Nxd5 13. Qd2 Nxe3 14. Nxe3 Qd7 15. 0-0 Rad8 16. Rad1 Rfe8 17. Rfe1 Ne7 18. Qe2 c5 19. a3 Nc6 20. Bb3 Na5 21. Ba2 Qe7 22. Rd2 h5 23. Qd1 Bc6 24. Qe2 Bh6 25. Rdd1 Rd7 26. Nc2 Bg7 27. Qe3 e4 28. Qf4 Qf6 29. Qxf6 Bxf6 30. dxe4 Rxd1 31. Rxd1 Bxe4 32. Ne3 Bxf3 33. gxf3 Bg5 34. Rd7 c4 35. Nd1 Re1+ 36. Kg2 Nc6 37. Bb1 Ne5 38. Rd4 Nd3 39. Bxd3 Rxd1 40. Be4 Rxd4 41. cxd4 a5 42. Bc6 b4 43. axb4 axb4 44. Bd5 c3 45. bxc3 bxc3 46. Bb3 Kf8 47. Kf1 Ke7 48. Ke2 Bd2 49. Kd3 g5 50. Ke4 f6 51. Kf5 Be1 52. f4 g4 53. hxg4 h4 54. g5 fxg5 55. Kg4 gxf4 56. Kxh4 Bxf2+ 57. Kg4 Be3 58. Kf3 Kd6 59. Ke4 Kc6 60. Kd3 Kb5 61. Ke4 Kb4 62. Bd1 Ka3 63. d5 Kb2 64. d6 Kc1 65. Bg4 Bb6 66. Kxf4 c2 1/2-1/2